Normal view
MARC view
Entry Personal Name
001 - CONTROL NUMBER
- control field: 12318
003 - CONTROL NUMBER IDENTIFIER
- control field: ARRUPE
005 - DATE AND TIME OF LATEST TRANSACTION
- control field: 20141103125716.0
008 - FIXED-LENGTH DATA ELEMENTS
- fixed length control field: 141103|| aca||aabn | a|a d
040 ## - CATALOGING SOURCE
- Original cataloging agency: ARRUPE
- Transcribing agency: ARRUPE
100 ## - HEADING--PERSONAL NAME
- Personal name: Epstein, A. L.
- Fuller form of name: (Arnold Leonard)
670 ## - SOURCE DATA FOUND
- Source citation: Work cat.: (ARRUPE)0: Epstein, A. L. (Arnold Leonard), Ethos and identity :, c2006.